|
|
|
|
| LEADER |
01125nam a2200229 a 4500 |
| 001 |
GR-MES3627 |
| 008 |
991111s1995 gr 000 0 gre d |
| 040 |
|
|
|a GrPaTEI
|b gre
|c GR-PaULI
|
| 245 |
0 |
0 |
|a Οικονομική εναέριων μεταφορών.
|
| 260 |
|
|
|a Αθήνα :
|b Σταμούλης Α,
|c 1995
|
| 300 |
|
|
|a 448σελ. :
|b διαγρ.
|
| 500 |
|
|
|a περιέχει βιβλιογραφικές αναφορές
|
| 650 |
|
4 |
|a ΕΝΑΕΡΙΕΣ ΜΕΤΑΦΟΡΕΣ
|
| 650 |
|
4 |
|a Μάρκετινγκ
|
| 650 |
|
4 |
|a ΜΕΤΑΦΟΡΕΣ
|
| 650 |
|
4 |
|a Οικονομία
|
| 700 |
1 |
|
|a Λαΐνος, Ιωάννης Σ.,
|d 1950-
|
| 942 |
|
|
|2 ddc
|
| 952 |
|
|
|0 0
|1 0
|2 ddc
|4 0
|6 387_710000000000000_ΛΑΙ
|7 0
|9 268244
|a MSLG
|b MSLG
|c BSC
|d 2021-01-17
|e 24
|f 0
|g 0.00
|l 0
|o 387.71 ΛΑΙ
|p 2420000005034
|r 2021-01-17 00:00:00
|t 1
|w 2021-01-17
|y BK15
|x 19991111 0 1
|x GrPaTEI
|
| 952 |
|
|
|0 0
|1 0
|2 ddc
|4 0
|6 387_710000000000000_ΛΙΑ
|7 0
|9 268245
|a MSLG
|b MSLG
|c BSC
|d 2021-01-17
|e 24
|f 0
|g 0.00
|l 0
|o 387.71 ΛΙΑ
|p 2420000014539
|r 2021-01-17 00:00:00
|t 1
|w 2021-01-17
|y BK15
|x 20010118 0 1
|x GrPaTEI
|
| 971 |
|
|
|a .b25746728
|b 16-04-20
|c 13-09-16
|
| 999 |
|
|
|c 154525
|d 154525
|